000 00475nam a2200169Ia 4500
003 GCL
008 140319s9999 xx 000 0 ara d
040 _aGCL /
_cGCL
082 0 4 _a272.74
_bا ش
100 1 _aابراهيم سعيد
245 1 0 _aشرح رسالة افسس /
_cابراهيم سعيد
260 _a[S.N] :
_b2000 للثقافة والنشر
490 _a
650 0 4 _aالعهد الجديد
650 0 4 _aالدين المسيحى
942 _2ddc
_cBK
999 _c58876
_d58876